Automarken und Modelle - Statistiken

Allgemein
  • Dieses Quiz wurde 172 mal gespielt
  • Das Durchschnittsergebnis liegt bei 18 aus 25
Antwortstatistiken
Hint Antwort % Korrekt
Audi A4
94%
Porsche 911
91%
Mercedes C-Klasse
91%
Mini Cooper
86%
VW Golf
86%
BMW 3er
85%
Opel Astra
84%
Ford Fiesta
84%
Skoda Octavia
84%
Honda Civic
81%
Tesla Model 3
81%
Seat Leon
77%
Toyota Corolla
72%
Dacia Sandero
70%
Peugeot 308
69%
Suzuki Swift
68%
Volvo XC60
68%
Renault Mégane
65%
Hyundai i30
64%
Smart Fortwo
60%
Citroën 2CV (Ente)
58%
Kia Sportage
58%
Mitsubishi Space Star
55%
Fiat Tipo
53%
Chevrolet Aveo
36%
Keine übereinstimmenden Quizze gefunden
Verteilung der Resultate
Anzahl Personen mit jedem Resultat
Perzentil nach korrekt beantworteten Fragen
Ihre Resultats-Entwicklung
Sie haben dieses Quiz noch nicht gespielt